MÜREKKEP DENİZİNDE BİTMEYEN YOLCULUK (Record no. 726603)

MARC details
000 -LEADER
sabit uzunluktaki kontrol alanı 00266nam a2200097Ia 4500
001 - KONTROL NUMARASI
kontrol alanı 726603
005 - EN SON İŞLEMİN TARİH VE ZAMANI
kontrol alanı 20250826163432.0
008 - SABİT-UZUNLUKTA VERİ ÖĞELERİ--GENEL BİLGİ
sabit uzunluktaki kontrol alanı 250824s9999 xx 000 0 und d
245 #0 - ESER / YAZAR
ESER ADI MÜREKKEP DENİZİNDE BİTMEYEN YOLCULUK
Yazar Adı ALİ ÜNLÜ
260 ## - YAYIN, DAĞITIM, VB.
YAYIN EVİ ATLIKARINCA YAYINLARI
Holdings
Düşüm durumu Kayıp durumu Hasar Durumu Ödünç verilmez Ana kütüphane Geçerli Kütüphane Edinilen tarih Toplam ödünç verme sayısı Barkod Son görüntüleme tarihi Fiyatın geçerli olmaya başladığı tarih Koha materyal türü
        MUHAMMET HAMDİ YAZIR İMAM HATİP ORTAOKULU MUHAMMET HAMDİ YAZIR İMAM HATİP ORTAOKULU 24.08.2025   10264182 26.08.2025 26.08.2025 Books